<?xml version="1.0" encoding="UTF-8"?><?xml-stylesheet type="text/xsl" href="static/style.xsl"?><OAI-PMH xmlns="http://www.openarchives.org/OAI/2.0/" xmlns:xsi="http://www.w3.org/2001/XMLSchema-instance" xsi:schemaLocation="http://www.openarchives.org/OAI/2.0/ http://www.openarchives.org/OAI/2.0/OAI-PMH.xsd"><responseDate>2026-04-14T05:45:43Z</responseDate><request verb="GetRecord" identifier="oai:www.recercat.cat:10256/27408" metadataPrefix="marc">https://recercat.cat/oai/request</request><GetRecord><record><header><identifier>oai:recercat.cat:10256/27408</identifier><datestamp>2025-09-27T14:19:58Z</datestamp><setSpec>com_2072_452955</setSpec><setSpec>com_2072_2054</setSpec><setSpec>col_2072_453067</setSpec></header><metadata><record xmlns="http://www.loc.gov/MARC21/slim" xmlns:dcterms="http://purl.org/dc/terms/" xmlns:xsi="http://www.w3.org/2001/XMLSchema-instance" xmlns:doc="http://www.lyncode.com/xoai" xsi:schemaLocation="http://www.loc.gov/MARC21/slim http://www.loc.gov/standards/marcxml/schema/MARC21slim.xsd">
   <leader>00925njm 22002777a 4500</leader>
   <datafield ind2=" " ind1=" " tag="042">
      <subfield code="a">dc</subfield>
   </datafield>
   <datafield ind2=" " ind1=" " tag="720">
      <subfield code="a">Huertas Gómez, Jesús</subfield>
      <subfield code="e">author</subfield>
   </datafield>
   <datafield ind2=" " ind1=" " tag="260">
      <subfield code="c">2025-09-23</subfield>
   </datafield>
   <datafield ind2=" " ind1=" " tag="520">
      <subfield code="a">Monasticism in Visigothic Hispania experienced a veritable boom during the last decades of the sixth century and especially throughout the seventh century. However, it is usually difficult to gain insight into the experience of the people who were at the forefront of this phenomenon due to the normative nature of most sources. The aim of this article is therefore to explore the causes and motivations that led monks, virgins and ascetics to leave their secular lives and embrace religious life. To do this, it is necessary to locate references to these people in textual sources and extract as much information as possible about these personal processes. The geographical mobility that normally accompanied the transition from the secular world to the monastic life will also be briefly analysed</subfield>
   </datafield>
   <datafield ind2=" " ind1=" " tag="520">
      <subfield code="a">El monacato en la Hispania visigoda experimentó un auténtico florecimiento durante las últimas décadas del siglo VI y especialmente durante todo el siglo VII. Sin embargo, habitualmente resulta complicado poder aproximarse a la experiencia de las personas que protagonizaron este fenómeno debido a la naturaleza normativa de la mayoría de las fuentes. El objetivo de este artículo es, por tanto, tratar de explorar las causas y motivaciones que llevaron a los monjes, vírgenes y ascetas a dejar su vida secular y abrazar la vida religiosa. Para ello es necesario localizar en las fuentes textuales las referencias a estas personas y extraer la información posible sobre estos procesos personales. Asimismo, se analizará sucintamente la movilidad geográfica que llevaba aparejada normalmente el paso del mundo al siglo</subfield>
   </datafield>
   <datafield ind1="8" ind2=" " tag="024">
      <subfield code="a">http://hdl.handle.net/10256/27408</subfield>
   </datafield>
   <datafield tag="653" ind2=" " ind1=" ">
      <subfield code="a">Monaquisme</subfield>
   </datafield>
   <datafield tag="653" ind2=" " ind1=" ">
      <subfield code="a">Vocació religiosa</subfield>
   </datafield>
   <datafield tag="653" ind2=" " ind1=" ">
      <subfield code="a">Monachism</subfield>
   </datafield>
   <datafield tag="653" ind2=" " ind1=" ">
      <subfield code="a">Religious vocation</subfield>
   </datafield>
   <datafield tag="653" ind2=" " ind1=" ">
      <subfield code="a">Visigots -- Espanya</subfield>
   </datafield>
   <datafield tag="653" ind2=" " ind1=" ">
      <subfield code="a">Visigoths -- Spain</subfield>
   </datafield>
   <datafield tag="653" ind2=" " ind1=" ">
      <subfield code="a">Ordes religiosos -- Regles</subfield>
   </datafield>
   <datafield tag="653" ind2=" " ind1=" ">
      <subfield code="a">Monasticism and religious orders -- Rules</subfield>
   </datafield>
   <datafield ind2="0" ind1="0" tag="245">
      <subfield code="a">La vocación monástica y ascética en la Hispania visigoda: motivaciones y movilidad geográfica</subfield>
   </datafield>
</record></metadata></record></GetRecord></OAI-PMH>